Escudos do Campeonato Paulista - Série A3 2024 - Statistics

Estatísticas Gerais
  • Esse quiz foi jogado 29 vezes
  • A pontuação média é 11 de 16
Estatísticas das Respostas
Imagem Resposta % Correto
Grêmio Prudente
100%
EC Lemense
96%
AD São Caetano
88%
Sertãozinho FC
88%
Red Bull Bragantino II
85%
Catanduva FC
81%
SE Matonense
81%
Desportivo Brasil
77%
EC São Bernardo
77%
CA Votuporanguense
73%
Marília AC
58%
Rio Preto EC
54%
Bandeirante EC
50%
União São João EC
50%
SE Itapirense
46%
União Suzano AC
35%
Nenhum quiz correspondente encontrado
Distribuição das Pontuações
Porcentagem de Pessoas com Cada Pontuação
Percentil de Números Respondidos
Sua Pontuação Histórica
Você não jogou esse quiz